| Tag |
First Indicator |
Second Indicator |
Subfields |
| LEADER |
00000cam a2200000 4500 |
| 001 |
in00000266821 |
| 005 |
20151010062223.0 |
| 008 |
710329s1970 wb a b 10000 eng |
| 010 |
|
|
|a 77140558
|
| 015 |
|
|
|a GDB***
|
| 020 |
|
|
|a 0387050663 (New York)
|
| 035 |
|
|
|a (OCoLC)00129615
|
| 035 |
|
|
|9 ABD7067AM
|
| 040 |
|
|
|a DLC
|c DLC
|d TXA
|d UtOrBLW
|
| 049 |
|
|
|a TXAM
|c [708925]
|
| 050 |
0 |
0 |
|a QP251
|b .G43
|
| 082 |
0 |
|
|a 599/.01/662
|
| 110 |
2 |
|
|a Gesellschaft für Biologische Chemie.
|
| 245 |
1 |
0 |
|a Mammalian reproduction /
|c Edited by H. Gibian and E. J. Plotz.
|
| 264 |
|
1 |
|a Berlin,
|a New York :
|b Springer-Verlag,
|c 1970.
|
| 300 |
|
|
|a vi, 470 pages :
|b illustrations ;
|c 21 cm.
|
| 336 |
|
|
|a text
|b txt
|2 rdacontent
|
| 337 |
|
|
|a unmediated
|b n
|2 rdamedia
|
| 338 |
|
|
|a volume
|b nc
|2 rdacarrier
|
| 500 |
|
|
|a "21. Colloquium der Gesellschaft fur Biologische Chemie, 9.-11. April 1970 in Mosbach/Baden."
|
| 504 |
|
|
|a Includes bibliographies.
|
| 650 |
|
0 |
|a Reproduction
|v Congresses.
|
| 650 |
|
0 |
|a Mammals
|x Physiology
|x Congresses.
|
| 700 |
1 |
|
|a Gibian, Heinz.
|
| 700 |
1 |
|
|a Plotz, E. Jurgen.
|
| 999 |
|
|
|a MARS
|
| 999 |
f |
f |
|s aab7b83b-decb-3b94-ae70-0a54dbf9cdb5
|i f8398209-f594-37c6-b353-ab85b9565cc3
|t 0
|
| 952 |
f |
f |
|p ric
|a Texas A&M University
|b Rellis Campus
|c Joint Library Facility
|d Remote Storage
|t 0
|e QP251 .G43
|h Library of Congress classification
|i unmediated -- volume
|m A14805004624
|
| 998 |
f |
f |
|a QP251 .G43
|t 0
|l Remote Storage
|